Play with fire and you could get burned (Record no. 79755)

MARC details
000 -LEADER
fixed length control field 01169cab a22002175a 4500
001 - CONTROL NUMBER
control field L142228
008 - FIXED-LENGTH DATA ELEMENTS--GENERAL INFORMATION
fixed length control field 080130e20080126xxk f 000 0 eng d
035 ## - SYSTEM CONTROL NUMBER
System control number (Sirsi) u142228
041 0# - LANGUAGE CODE
Language code of text/sound track or separate title eng
100 1# - MAIN ENTRY--PERSONAL NAME
Personal name Gallacher, Peter
245 00 - TITLE STATEMENT
Title Play with fire and you could get burned
260 ## - PUBLICATION, DISTRIBUTION, ETC.
Date of publication, distribution, etc. 2008
490 ## - SERIES STATEMENT
Series statement Estates Gazette
Volume/sequential designation (0803) 26 January 2008, 173(1)
520 ## - SUMMARY, ETC.
Summary, etc. Advises property managers on how to ensure that fire safety risk assessments are carried out. Warns that penalties can be as high as £200 000 for a single site if suitable assessment if legally binding procedures are not followed. Common reasons for delays and failures to assess are addressed. Outlines the duties of the enforcing officer and how objectives for risk reduction are set and assessed. Details the procedure for ongoing review and draws attention to the key requirements for property managers: the appointment of a designated responsible person.
590 ## - LOCAL NOTE (RLIN)
Local note KA
650 24 - SUBJECT ADDED ENTRY--TOPICAL TERM
Topical term or geographic name entry element REGULATORY REFORM (FIRE SAFETY) ORDER 2005
651 #4 - SUBJECT ADDED ENTRY--GEOGRAPHIC NAME
Geographic name United Kingdom
Chronological subdivision
690 ## - LOCAL SUBJECT ADDED ENTRY--TOPICAL TERM (OCLC, RLIN)
Topical term or geographic name as entry element MANAGEMENT-HEALTH AND SAFETY-FIRE SAFETY-FIRE RISK ASSESSMENT
700 1# - ADDED ENTRY--PERSONAL NAME
Personal name Thomas, Jerome
942 ## - ADDED ENTRY ELEMENTS (KOHA)
Suppress in OPAC 0
Holdings
Withdrawn status Lost status Source of classification or shelving scheme Damaged status Not for loan Home library Current library Shelving location Date acquired Total Checkouts Full call number Barcode Date last seen Copy number Price effective from Koha item type
    Dewey Decimal Classification     London London Journal article 30/01/2008   L142228 142228-1001 06/08/2019 1 06/08/2019 Journal article